LEADER 01109nam 2200325 450 001 990006095490203316 005 20151103153119.0 035 $a000609549 035 $aUSA01000609549 035 $a(ALEPH)000609549USA01 035 $a000609549 100 $a20151103d1879----km-y0itay50------ba 101 $aita 102 $aIT 105 $a||||||||001yy 200 1 $aAtti del Consiglio provinciale del Principato Citeriore$esessioni straordinarie e ordinaria del 1878$fPrincipato Citeriore: Consiglio Provinciale 210 $aSalerno$cPrem. Stab. tip. Migliaccio$d1879 410 0$12001 606 0 $aSalerno 710 02$aPrincipato Citeriore: Consiglio Provinciale$0715054 801 0$aIT$bsalbc$gISBD 856 4 $uhttp://hdl.handle.net/10556/1710$4.$zEleA - Archivio aperto dell'Università degli studi di Salerno 912 $a990006095490203316 951 $bF.C. 5465$cCollocazione$dbarcode 959 $aBK 969 $aUMA 969 $aCUOMO 979 $aMARIAS$b90$c20151103$lUSA01$h1531 996 $aAtti del Consiglio provinciale del Principato Citeriore$91383160 997 $aUNISA